Quizzes
Events
Quiz Creation
Community
Videos
Private Events
Remove Ads
Sign In
Join for FREE
Feedback
Dark Mode
Quiz Categories
Sports
Geography
Music
Movies
Television
Just For Fun
Miscellaneous
History
Literature
Language
Science
Gaming
Entertainment
Religion
Holiday
For Kids
Quiz Lab
Recent
Popular Today
Quiz Kudos Today
Editor Picks
Curator Picks
Quizzes by...
Day
Popularity
Type
Ratings
Length
Year
Community
Subscriptions
Recent Discussions
Orange Saloon
Badges
Playlists
Quests
Create
Leaderboards
Showdown
Live 5
Trivia Bingo
Activity
Puzzle Library
Sporcle Events
Private Events
Virtual Trivia
Globe League
Become a Host
Pub Owners
SporcleCon
Opinionation
Our Games
Videos
Blog
Mobile Apps
Partnerships
Remove Ads and Go Orange
Feedback
History
US Presidents
World Leaders
Politics
Nation
Discovery
War
Decade
Year
Century
Biography
Art
History
US Presidents
World Leaders
Politics
Nation
Discovery
War
Decade
Year
Century
Biography
Art
Random Quiz
Search Sporcle
×
Quiz Lab
Quiz Lab
History
Art
Type in answers that appear in a list
Type in answers that appear in a list
Classic
Best Score? Go Orange.
Art History Stats
Can you name the Dates of these Art History Pieces ?
By
Bwahaha3
14m
70 Questions
16 Plays
16 Plays
16 Plays
Comments
Comments
Give Quiz Kudos
Give Quiz Kudos
-
- Ratings
hide this ad
Replay
Link that replays current quiz
Next Quiz
Link to next quiz in quiz playlist
You Got
0%
They Got
Avg Score
6%
Avg Friend Score
Upgrade to see
Score Distribution
Jump to the score distribution portion of the page
Score
0/70
Timer
14:00
0
Plays Today
Pieces
Date
% Correct
Venus of Wilendorf
25000 BCE
62.5%
Lausel Woman
25000 BCE
62.5%
Scribe Sculpture
2500 BCE
43.8%
Cycladic Figures
2500 BCE
43.8%
Palette of Narmer
3000 BCE
37.5%
Knossos Occupied Since: (Bull Fresco, Bull Leaper, Snake Goddess)
2000 BCE
31.3%
Lascaux (Lamp, Paintings)
15000 BCE
25%
Votive Figures
2700 BCE
12.5%
Warrior's Vase
1200 BCE
12.5%
Mycenaean Wall
1300 BCE
12.5%
Villa of the Mysteries, later paintings
100 BCE
12.5%
Nancy Davenport Photographs
2000 CE
6.3%
Uruk Vase
3200-3000 BCE
6.3%
Uruk White Temple
3200-3000 BCE
6.3%
Uruk Face of a Woman
3200-3000 BCE
6.3%
Hammurabi Stele
1780 BCE
6.3%
Menkaure and Khamerenebty
2490 BCE
6.3%
Colossal Akhenaten
1350 BCE
6.3%
Relief of Akhenaten and Family
1350 BCE
6.3%
Mask of Tutankhamun
1330 BCE
6.3%
Painting in Valley of Kings
1330 BCE
6.3%
Lion's Gate
1250 BCE
6.3%
Artemis Slaying Actaeon
470 BCE
6.3%
Kouros from Anavysos
530 BCE
6.3%
Diskobolos
450 BCE
6.3%
Kritian Boy
480 BCE
6.3%
Sack of Athens by Persians
480 BCE
6.3%
Work Resumed on Acropolis by Pericles
447 BCE
6.3%
Bronze Bust ('Brutus')
250 BCE
6.3%
Pont Du Gard
20-16 BCE
6.3%
Prima Porta Augustus
20 BCE
6.3%
Temple of Athena
520 BCE
6.3%
Gateway Figure (Lamassu)
883-859 BCE
0%
Persepolis
521-465 BCE
0%
Khafre
2520-2494 BCE
0%
Pieces
Date
% Correct
Hatshepsut
1473-1458 BCE
0%
Washington Monument
1833-1884 CE
0%
Louvre Pyramid
1989 CE
0%
Giza Pyramid Complex
2520-2494 BCE
0%
Step Pyramid of Djoser
2630 BCE
0%
Dmini
3700-3300 BCE
0%
Knossos: Old Palace Period
1900-1700 BCE
0%
Knossos: New Palace Period
1700-1400 BCE
0%
Frescos of Akrotiri
before 1630 BCE
0%
Mycenae
1600-1250 BCE
0%
Tholos
1300-1200 BCE
0%
Gold Grave Mask ('Mask of Agamemnon')
1600-1500 BCE
0%
The Suicide of Ajax
540 BCE
0%
Hero with Centaur
750-730 BCE
0%
Riace Bronze
460-450 BCE
0%
Spear Bearer (Doryphoros)
450-440 BCE
0%
Hermes with Dionysos
340-330 BCE
0%
Apoxyomenos ('Scraper')
330 BCE
0%
Aphrodite of Knidos
350-340 BCE
0%
Herm of Pericles
429 BCE
0%
Propylaia
432-423 BCE
0%
Temple of Athena Nike
432-423 BCE
0%
Parthenon
447-432 BCE
0%
Erechtheion
421-406 BCE
0%
Theater of Dionysos
late 5th century BCE
0%
Fall of Athens to Sparta
404 BCE
0%
Maison Carree
19 BCE
0%
Pantheon
118-128 BCE
0%
Colosseum
70-80 BCE
0%
Marble Portrait of General
30-40 BCE
0%
Augustus from Via Labicana
1 CE
0%
Ara Pacis
81 CE
0%
Bust of Hadrian
120-130 CE
0%
Antinoos
130 CE
0%
Musician
2700-2500 BCE
0%
Quiz Playlist
Details
Report
Send in Message
Add To Playlist
Classic:
Type in answers that appear in a list
Last Updated: Feb 16, 2017
Quiz Scoreboard
CHALLENGE
Sign Up to Join the Scoreboard
Show All
Scores
Hide
Comments
May contain spoilers
Recently Published
Movies - When Are They Set?
by FPL_Elf
Movies
5m
Popular People in 1961
by mucciniale
History
6m
1-10 Letter E Words III
by El_Dandy
Language
2m
More to Explore
Quiz From the Vault
Featured Blog Post
Where Did the Easter Bunny Come From?
hide this ad
You Might Also Like...
Tags
Art Quiz
2011
Art History
date
piece
Today's Top Quizzes in History
Browse History
hide this ad
Today's Top Quizzes in Art
Browse Art
Top Contributed Quizzes in History
1
Popular People in 1991
2
Popular People in 1981
3
Popular People in 1951
4
Popular People in 1941
5
Popular People in 1986
6
Popular People in 1976
7
Popular People in 1921
8
I Am Born On March 28th
9
Popular People in 1946
10
Popular People in 1936
Explore More
Trending Topics
NBA
Disney
Marvel
Kpop
Harry Potter
Crossword
Anime
Song
Pokémon
Soccer
The Office
Country
WWE
NFL
Puzzle
hide this ad
More By:
Bwahaha3
Quiz
Plays
Rating
Category
Featured
Created
ARTH Dates
22
Just For Fun
Mar 5, 2012
Art History
16
5.00
History
Sep 28, 2011
Chapter 9 Vocabulary
12
Language
Dec 3, 2012
Chapter 8 Vocabulary
9
Language
Nov 27, 2012
HUMN Music Dates
7
Music
May 9, 2012
Go to Creator's Profile
Score Distribution
Quiz Creator Spotlight
Bwahaha3
Follow
Send a Message
Quizzes Created
-
Created Quiz Play Count
-
More By This Creator
Popular Quizzes Today
1
Find the Countries of Europe - No Outlines Minefield
2
Find the US States - No Outlines Minefield
3
The Countries of the World
4
Popular People in 1961
5
US States
6
1-10 Letter E Words III
7
Find the US States
8
One Thing in Common: World Cities II
More History Quizzes
Republican Presidents of the US
Published
Trending Quizzes
Risky Map Clicking: Least Populous States A-Z
1-10 Letter F Words
Humor Books: The Subtitles
1-10 Letter G Words
One Thing in Common: United Kingdom
Recently Updated
Leaping Animals
pecheneg
Reality TV Shows (A-Z)
bhenderson79
Rickey Henderson's Hall of Fame Teammates
pecheneg
Champions League XIs: Arsenal
pecheneg
Quick Pick: Celebrities in WWE's Hall of Fame
aduchscher
A-Z Keypad Blitz II
pecheneg
Multiple Oscar Actors
pecheneg
Mystery Phrase Blitz: Oscar 'Best Actors'
pecheneg
F. Scott Fitzgerald Novels
LTH
Pick 3 Villains
ddd62291
Trending Topics
Crossword
NBA
Kpop
Anime
Harry Potter
Marvel
Disney
Soccer
NFL
Pokémon
Country
Puzzle
WWE
The Office
Song
Your Account Isn't Verified!
In order to create a playlist on Sporcle, you need to verify the email address you used during registration. Go to your
Sporcle Settings
to finish the process.
Report this User
Report this user for behavior that violates our
Community Guidelines
.
Details:
Send Report
Go to the Sporcle.com Mobile Site →
Comments